Responses for Show #3803 - Wednesday, February 28, 2001

Contestants

[<< previous game]

Stephen Mitchell, a marketing manager from Los Angeles, California

Sheri Young, an assistant functions coordinator from Boston, Massachusetts

Sid Moore Jr., a human rights investigator from Eugene, Oregon (whose 4-day cash winnings total $16,000)

[next game >>]

Jeopardy! Round responses

CIVIL WAR BUFFY
OUR AVIAN FRIENDS
ARETHA FRANKLIN
SEAMANSHIP
THE HOLE TRUTH
INTO THE "AB"YSS
    $100 21
Halloween (October 31)

Sheri
    $100 16
Ostrich

Stephen
    $100 4
"R-E-S-P-E-C-T"

Stephen
    $100 30
Hitch

Sheri
    $100 1
Doughnut hole

Sid
    $100 11
Abbreviation

Sid
    $200 22
Hand-to-hand

Stephen
    $200 17
Penguin

Sid
    $200 7
The Blues Brothers

Sid
    $200 29
(Sheri: What is prow?)

Aft

SidSheri
    $200 2
Blowholes

Stephen
    $200 12
Absolution

Stephen
    $300 23
Hell

Sid
    $300 18
Hummingbird

Stephen
    $300 8
"Jumpin' Jack Flash"

Sid
    $300 26
(Stephen: What is cast & crew?)

"All Hands"

SheriStephen
    $300 3
Stonehenge

Sheri
    $300 13
Absinthe

Sheri
    $400 24
Clara Barton

Stephen
    $400 19
Woodpeckers

Sid
    $400 9
George Michael

Sid
    $700 27
Wake

Sheri
    $400 5
Ozone layer

Sid
    $400 14
Aberration

Sheri
    $500 25
Bloody Angle

Triple Stumper
    $500 20
Mynah bird

Stephen
    $500 10
"A Natural Woman"

Sid
    $500 28
Armada

Stephen
    $500 6
(Sid: What is Yellowstone?)
(Stephen: What is Yosemite?)

Grand Teton National Park

SidStephen
Triple Stumper
    $500 15
Abolition

Stephen

Scores at the first commercial break (after clue 15):

Sid Sheri Stephen
$1,500 $1,000 $500

Scores at the end of the Jeopardy! Round:

Sid Sheri Stephen
$2,600 $2,000 $2,200

Double Jeopardy! Round responses

SHAKESPEARE, THEIR CONTEMPORARY
HERBS & SPICES
THINKERS
BIG SCREEN ROYALTY
(Alex: You have to identify the monarch; we'll give you the years & the personality portraying the monarch.)
"Z"EOGRAPHY
PROPER ADJECTIVES
    $200 26
Cervantes

Stephen
    $200 15
Dill

Sid
    $200 6
Karl Marx

Sid
    $200 1
Queen Elizabeth I

Stephen
    $200 11
Zanzibar

Stephen
    $200 18
Decent

Triple Stumper
    $400 16
Oregano

Stephen
    $400 7
Jean-Paul Sartre

Stephen
    $400 2
King of Siam (in "Anna and the King")

Sid
    $400 12
(Sid: What is Zaire?)

Zimbabwe

SidStephen
    $400 19
Fitting room

Sid
    $600 27
(buzzer sounds)

"The Merry Wives of Windsor"

Stephen
    $600 23
(we have a minute left in the round...)

Laurel

Triple Stumper
    $600 8
Aristotle or Plato

Sid
    $600 3
Eleanor of Aquitaine

Sheri
    $600 13
Zurich

Stephen
    $600 20
Appropriate

Triple Stumper
    $300 24
Paprika

Sid
    $800 9
Ralph Waldo Emerson

Triple Stumper
    $800 4
King Arthur (in "Monty Python and the Holy Grail")

Sheri
    $800 14
Zambezi River

Sheri
    $800 21
Becoming

Sid
    $1000 25
Cinnamon

Sid
    $1000 10
Niccolo Machiavelli

Stephen
    $1000 5
King George III (in "The Madness of King George")

Sheri
    $1000 17
Zanesville (Zane Grey)

Sheri
    $1000 22
Demure (demur)

Triple Stumper

Scores at the end of the Double Jeopardy! Round:

Sid Sheri Stephen
$6,100 $6,200 $6,200

[wagering suggestions for these scores]

Final Jeopardy! Round responses

FAMOUS FAMILIES
SidWho are the Hatfields and the McCoys?
$100
SheriWho are the Hatfields & the McCoys?
$4,000
StephenWho are the Hatfields & the McCoys?
$6,200
The Hatfields & the McCoys

Final scores:

Sid Sheri Stephen
$6,200 $10,200 $12,400
3rd place: Ourhouse.com Gift Certificate 2nd place: Trip to Vienna, Austria courtesy of Priceline.com New champion: $12,400

Game dynamics:

Coryat scores:

Sid Sheri Stephen
$6,600 $5,900 $6,200
19 R
(including 1 DD),
2 W
12 R
(including 2 DDs),
1 W
19 R,
2 W

Combined Coryat: $18,700

[game clues] [game scores] [suggest correction]

Game tape date: 2000-11-28
The J! Archive is created by fans, for fans. Scraping, republication, monetization, and malicious use prohibited; this site may use cookies and collect identifying information. See terms. The Jeopardy! game show and all elements thereof, including but not limited to copyright and trademark thereto, are the property of Jeopardy Productions, Inc. and are protected under law. This website is not affiliated with, sponsored by, or operated by Jeopardy Productions, Inc. Join the discussion at JBoard.tv.